[Event "European Youth Chess Championship B12"]
[Site "Prague, Top Hotel Prague"]
[Date "2012.08.18"]
[Round "2.50"]
[White "Wallmueller, Peter"]
[Black "Dreisler, Tobias"]
[Result "1/2-1/2"]
[WhiteElo "1589"]
[BlackElo "1861"]
[PlyCount "86"]
[EventDate "2012.08.17"]

1. d4 Nf6 2. Nf3 d5 3. c4 dxc4 4. e3 e6 5. Bxc4 c5 6. O-O a6 7. a4 b6 8. Bd2
Bb7 9. Bc3 Nbd7 10. Nbd2 Nd5 11. Re1 Bd6 12. Bxd5 Bxd5 13. e4 Bb7 14. Nc4 Be7
15. dxc5 Nxc5 16. Qxd8+ Rxd8 17. Nxb6 Nxe4 18. Ba5 O-O 19. Rac1 Nc5 20. Bb4
Bxf3 21. gxf3 Rb8 22. Bxc5 Bxc5 23. Nd7 Bxf2+ 24. Kxf2 Rxb2+ 25. Re2 Rxe2+ 26.
Kxe2 Rd8 27. Nb6 Kf8 28. Rc8 Ke8 29. Ke3 Rxc8 30. Nxc8 Kd7 31. Nb6+ Kc6 32. Nc4
Kc5 33. Kd3 Kb4 34. Nd6 Kxa4 35. Kc4 Ka3 36. Nxf7 Kb2 37. Ng5 a5 38. Kb5 Kc3
39. Nxe6 Kd3 40. Nxg7 Ke3 41. Ne6 Kxf3 42. Ng5+ Kg4 43. Nxh7 Kh3 1/2-1/2

[Event "European Youth Chess Championship B12"]
[Site "Prague, Top Hotel Prague"]
[Date "2012.08.18"]
[Round "2.51"]
[White "Machlik, Endre"]
[Black "Kitze, Alexander"]
[Result "0-1"]
[WhiteElo "1559"]
[BlackElo "1834"]
[PlyCount "50"]
[EventDate "2012.08.17"]

1. d4 Nf6 2. c4 g6 3. Nc3 d5 4. Bg5 Ne4 5. Nxe4 dxe4 6. e3 Bg7 7. Ne2 c5 8. Qd2
O-O 9. Rd1 Nc6 10. f3 exf3 11. gxf3 cxd4 12. Nxd4 Nxd4 13. exd4 Qc7 14. Bf4 e5
15. dxe5 Bxe5 16. Bxe5 Qxe5+ 17. Qe2 Qa5+ 18. Kf2 Qxa2 19. Bg2 Be6 20. Rd4 Rac8
21. Rc1 Rc7 22. Qc2 Qa5 23. Qe4 Qb6 24. Kf1 Qxb2 25. Rb1 Qc3 0-1

[Event "European Youth Chess Championship B12"]
[Site "Prague, Top Hotel Prague"]
[Date "2012.08.18"]
[Round "2.52"]
[White "Petersson, Baldur Teodor"]
[Black "Toth, Tamas"]
[Result "0-1"]
[WhiteElo "1555"]
[BlackElo "1826"]
[PlyCount "55"]
[EventDate "2012.08.17"]

1. e4 c5 2. Nf3 d6 3. d4 cxd4 4. Nxd4 Nf6 5. Nc3 g6 6. Be3 Bg7 7. Bc4 Nc6 8.
Qd2 O-O 9. f3 a5 10. g4 Ne5 11. Bb3 a4 12. Nxa4 Rxa4 13. Bxa4 Nc4 14. Qd3 Nxe3
15. Qxe3 Qa5+ 16. c3 Qxa4 17. O-O Nd7 18. f4 e5 19. Nf3 exf4 20. Qxf4 Nf6 21.
g5 Qxe4 22. Qxd6 Qe3+ 23. Kg2 Ne4 24. Qd1 Nxg5 25. Qd2 Bh3+ 26. Kh1 Qxd2 27.
Nxd2 Bxf1 28. Rxf1 0-1

[Event "European Youth Chess Championship B12"]
[Site "Prague, Top Hotel Prague"]
[Date "2012.08.18"]
[Round "2.53"]
[White "Asadli, Vugar"]
[Black "Horvath, Tomas"]
[Result "1-0"]
[WhiteElo "1785"]
[BlackElo "1489"]
[PlyCount "69"]
[EventDate "2012.08.17"]

1. d4 Nf6 2. Nf3 d5 3. e3 c6 4. Bd3 g6 5. O-O Bg7 6. b3 O-O 7. Bb2 Nbd7 8. c4
Nb6 9. Nc3 Bg4 10. h3 dxc4 11. bxc4 Be6 12. Qe2 Nh5 13. Rad1 f5 14. Ng5 Bf7 15.
g4 fxg4 16. hxg4 Nf6 17. Nce4 Nxe4 18. Nxe4 a5 19. f3 a4 20. a3 Nd7 21. Qh2 Nf6
22. Ng3 Qc7 23. Kg2 h6 24. Rh1 Nh7 25. d5 Bxb2 26. Qxh6 Rfd8 27. Qxh7+ Kf8 28.
Bxg6 Bxg6 29. Qxg6 Qd6 30. Qc2 Qxa3 31. Qf5+ Ke8 32. Rh7 Qxe3 33. Ne4 cxd5 34.
Qf7+ Kd7 35. Qxe7+ 1-0

[Event "European Youth Chess Championship B12"]
[Site "Prague, Top Hotel Prague"]
[Date "2012.08.18"]
[Round "2.54"]
[White "Lilov, Alekhsandr"]
[Black "Globevnik, Miha"]
[Result "1-0"]
[WhiteElo "1778"]
[BlackElo "1476"]
[PlyCount "57"]
[EventDate "2012.08.17"]

1. e4 c5 2. Nf3 Nc6 3. d4 cxd4 4. Nxd4 Nf6 5. Nc3 d6 6. Be2 e6 7. Be3 Be7 8. f3
a6 9. Qd2 Qc7 10. g4 b5 11. Nxc6 Qxc6 12. O-O-O Bb7 13. h4 Rc8 14. Bd3 Qc7 15.
a3 d5 16. exd5 Nxd5 17. Nxd5 Bxd5 18. Qe2 Qa5 19. Bd2 Qc7 20. Bb4 Bxb4 21. axb4
Qf4+ 22. Kb1 Bxf3 23. Qf2 Qf6 24. g5 Qf4 25. Rhf1 O-O 26. Qxf3 Qxb4 27. h5 a5
28. h6 Qd4 29. Bxh7+ 1-0

[Event "European Youth Chess Championship B12"]
[Site "Prague, Top Hotel Prague"]
[Date "2012.08.18"]
[Round "2.57"]
[White "Yordanov, Daniel-Adrian"]
[Black "Parizek, Vojtech"]
[Result "1-0"]
[WhiteElo "1520"]
[BlackElo "1737"]
[PlyCount "91"]
[EventDate "2012.08.17"]

1. e4 c5 2. Nf3 Nc6 3. Nc3 Nf6 4. g3 d6 5. Bg2 g6 6. O-O Bg7 7. d3 O-O 8. Be3
Ng4 9. Bd2 Rb8 10. h3 Nge5 11. Nxe5 Nxe5 12. f4 Nc6 13. Be3 b5 14. Qd2 b4 15.
Nd1 a5 16. Rb1 a4 17. Nf2 b3 18. axb3 axb3 19. c3 Ra8 20. Ra1 Be6 21. g4 Ra5
22. Qd1 Qb6 23. Qd2 Rfa8 24. Rxa5 Rxa5 25. f5 Bd7 26. Nd1 Ne5 27. g5 d5 28.
fxg6 hxg6 29. Nf2 d4 30. cxd4 cxd4 31. Bf4 Rc5 32. Rc1 Qc6 33. Rxc5 Qxc5 34.
Qc1 Qxc1+ 35. Bxc1 Bb5 36. Bf1 Nf3+ 37. Kg2 Ne1+ 38. Kg3 f6 39. h4 Kf7 40. Bd2
Ke6 41. Bxe1 f5 42. Bh3 Be5+ 43. Kg2 Bc6 44. Kf1 Bf4 45. Bg2 Bc1 46. exf5+ 1-0

[Event "European Youth Chess Championship B12"]
[Site "Prague, Top Hotel Prague"]
[Date "2012.08.18"]
[Round "2.59"]
[White "Vaitsiakhouski, Yauheni"]
[Black "Liska, Jiri"]
[Result "0-1"]
[WhiteElo "1486"]
[BlackElo "1735"]
[PlyCount "104"]
[EventDate "2012.08.17"]

1. d4 Nf6 2. c4 g6 3. Nf3 Bg7 4. Nc3 d5 5. e3 O-O 6. Bd3 c5 7. cxd5 Nxd5 8. O-O
Nc6 9. Nxd5 Qxd5 10. e4 Qd8 11. d5 Nd4 12. Nxd4 Bxd4 13. Kh1 e6 14. Bc4 Qf6 15.
Qc2 b5 16. Bxb5 exd5 17. Bh6 Rd8 18. f4 Qb6 19. Bd3 c4 20. Be2 Qxb2 21. Qxb2
Bxb2 22. Rab1 c3 23. f5 dxe4 24. fxg6 hxg6 25. Bc1 Rb8 26. h3 Be6 27. Bg5 Re8
28. a4 Ba2 29. Rbe1 c2 30. Bb5 Rec8 31. Bc1 Bxc1 32. Rxc1 Bc4 33. Bxc4 Rxc4 34.
Kh2 Rb3 35. Rf2 Rbc3 36. Rd2 Kg7 37. a5 Kf6 38. a6 Ke5 39. Rd7 Rc7 40. Rd2 e3
41. Rd8 Ke4 42. Kg1 Rd3 43. Re8+ Kf5 44. g4+ Kg5 45. Rf1 c1=Q 46. h4+ Kxg4 47.
Re4+ Kg3 48. h5 Qxf1+ 49. Kxf1 Kf3 50. Rxe3+ Rxe3 51. Kg1 Re2 52. hxg6 Rc1# 0-1

[Event "European Youth Chess Championship B12"]
[Site "Prague, Top Hotel Prague"]
[Date "2012.08.18"]
[Round "2.61"]
[White "Semjonovs, Vsevolods"]
[Black "Batashevs, Arsens"]
[Result "0-1"]
[WhiteElo "1473"]
[BlackElo "1733"]
[PlyCount "82"]
[EventDate "2012.08.17"]

1. e4 d5 2. exd5 Qxd5 3. Nc3 Qa5 4. Nf3 Bg4 5. h3 Bxf3 6. Qxf3 c6 7. Bc4 e6 8.
O-O Nf6 9. d3 Bd6 10. Re1 Nbd7 11. Bg5 Ne5 12. Qe3 Nxc4 13. dxc4 Bb4 14. Re2
Bxc3 15. Qxc3 Qxg5 16. Rae1 O-O-O 17. Re5 Qd2 18. Qg3 Nd7 19. R5e2 Qd4 20. Qb3
Qc5 21. Qc3 Rhg8 22. b4 Qb6 23. a4 Qc7 24. c5 Nf6 25. Qc4 Rd5 26. Qb3 Rgd8 27.
c3 Rh5 28. c4 Ng4 29. Qg3 Qxg3 30. fxg3 Nf6 31. g4 Rg5 32. b5 Rxc5 33. Rc1 Rd4
34. bxc6 Rxc6 35. Rec2 Ne4 36. h4 Nd6 37. c5 Ne4 38. Rc4 e5 39. Rxd4 exd4 40.
Rd1 Nc3 41. Rd3 Rxc5 0-1